000 01147nam a2200265 i 4500
001 bg
100 1 _aMICHNA, Waldemar
245 1 0 _aŹródła utrzymania ludności wiejskiej i wykorzystanie zasobów siły roboczej w różnych regionach /
_cWaldemar Michna.
260 _aWarszawa :
_bIERiGŻ,
_c2002.
300 _a63, [1] s. :
_b1 mapa ;
_c24 cm.
490 1 _aStudia i Monografie / Instytut Ekonomiki Rolnictwa i Gospodarki Żywnościowej,
_x0239-7102 ;
_v108
504 _aBibliogr.
650 9 _aWieś
_xludność
_zPolska
_yod 1989 r.
650 9 _aSiła robocza
_zPolska
_yod 1989 r.
650 9 _aDochody indywidualne
_xrolnictwo
_zPolska
_yod 1989 r.
650 9 _aGospodarstwo rolne
_zPolska
_yod 1989 r.
650 9 _aGospodarstwo domowe
_zPolska
_yod 1989 r.
830 0 _aStudia i Monografie (Instytut Ekonomiki Rolnictwa i Gospodarki Żywnościowej) ;
_v108
040 _cBPK
041 0 _apl
080 _a631.115.1:330.567.28](438)"1989/..."(083.41)
942 _cKS
008 s pl f |000 0 pol
999 _c35683
_d35683
856 _uhttp://koha.tu.koszalin.pl/cgi-bin/koha/opac-detail.pl?biblionumber=35683
_yKatalog online BPK